Biggest Cities in Saint Lucia on a Map - Statistics

General Stats
  • This quiz has been taken 183 times
  • The average score is 3 of 10
Answers on the Map
Answers color-coded by a green-red scale on the quiz's map according to % correct below.
 
Answer Stats
Population City / Town % Correct
20,000 Castries
99%
2,362 Gros Islet
38%
4,574 Vieux Fort
33%
1,862 Canaries
24%
2,870 Dennery
24%
2,918 Soufrière
24%
1,256 Anse La Raye
21%
3,406 Micoud
20%
12,980 Bisee
18%
1,906 Praslin
16%
No matching quizzes found
Score Distribution
Percent of People with Each Score
Percentile by Number Answered
Your Score History
You have not taken this quiz